000 00309nam a22001337a 4500
008 170405b xxu||||| |||| 00| 0 eng d
020 _a9780316482745
041 _aeng
080 _22ND
_a616.15
100 _a9
101 _aSHM
245 _aATLAS AND SOURCEBOOK OF HEMATOLOGY
_cKAPFF, C.T
942 _2udc
_cBK
999 _c9890
_d9890